[Event "3rd DC International 2015"]
[Site "Arlington USA"]
[Date "2015.06.25"]
[Round "1"]
[White "Niemann, Hans M"]
[Black "Ghaem Maghami, Ehsan"]
[Result "0-1"]
[BlackTitle "GM"]
[WhiteElo "2180"]
[BlackElo "2562"]
[WhiteFideId "2093596"]
[BlackFideId "12500739"]
[EventDate "2015.06.25"]
[EventType "swiss"]

1. d4 Nf6 2. c4 e6 3. Nf3 d5 4. g3 dxc4 5. Bg2 Nc6 6. Qa4 Bb4+ 7. Bd2 Nd5 8.
Bxb4 Nxb4 9. O-O Rb8 10. a3 b5 11. Qd1 Nd5 12. b3 Na5 13. bxc4 bxc4 14. e4 Nb3
15. Ra2 Nb6 0-1

[Event "3rd DC International 2015"]
[Site "Arlington USA"]
[Date "2015.06.26"]
[Round "2"]
[White "Chandran, Kapil"]
[Black "Ippolito, Dean"]
[Result "0-1"]
[WhiteTitle "CM"]
[BlackTitle "IM"]
[WhiteElo "2257"]
[BlackElo "2395"]
[WhiteFideId "2034077"]
[BlackFideId "2009870"]
[EventDate "2015.06.25"]
[EventType "swiss"]

1. e4 c6 2. d4 d5 3. e5 Bf5 4. h4 h5 5. Bg5 Qb6 6. Bd3 Qxd4 7. Nf3 Qg4 8. O-O
Bxd3 9. Qxd3 e6 10. Nbd2 Be7 11. c4 Bxg5 12. hxg5 Ne7 13. Qa3 Nd7 14. Rac1 Ng6
15. Qe3 h4 16. Kh1 Rh5 17. cxd5 exd5 18. Nh2 Qf4 19. e6 Nde5 20. exf7+ Kxf7 21.
Qe2 Rhh8 22. Rc3 Rhe8 23. Re3 Qxg5 24. f4 Nxf4 25. Qf2 Ng6 26. Ndf3 Qh5 27. Nxh4
Qxh4 28. g3 Qh5 29. Rf3 Kg8 30. gxf4 Re4 31. Rg1 Rae8 32. Qg3 Re2 33. Rb3 R8e7
34. f5 Ne5 35. Qf4 Ng4 36. Rxg4 Rxh2+ 0-1

[Event "3rd DC International 2015"]
[Site "Arlington USA"]
[Date "2015.06.27"]
[Round "4"]
[White "Wu, Christopher"]
[Black "Yang, Darwin"]
[Result "1-0"]
[BlackTitle "IM"]
[WhiteElo "2317"]
[BlackElo "2484"]
[WhiteFideId "2040875"]
[BlackFideId "2029111"]
[EventDate "2015.06.25"]
[EventType "swiss"]

1. e4 e6 2. d4 d5 3. Nc3 Bb4 4. e5 c5 5. a3 Ba5 6. Be3 Nc6 7. Bb5 Ne7 8. dxc5
O-O 9. Nf3 Nf5 10. Bd2 Bc7 11. Bxc6 bxc6 12. O-O f6 13. Re1 Bd7 14. Bf4 g5 15.
Bg3 Nxg3 16. hxg3 g4 17. Nh4 fxe5 18. Qxg4+ Kh8 19. Rad1 Qe7 20. b4 Rad8 21. Ne2
e4 22. Nf4 Rxf4 23. gxf4 Rg8 24. Qh3 Bxf4 25. g3 e5 26. Qh2 Bg4 27. Rb1 Bg5 28.
Rb3 Be6 29. Ng2 Rg6 30. Qh5 Rh6 31. Qe2 Qd7 32. f4 exf4 33. gxf4 Bf6 34. Rg3
Bd4+ 35. Ne3 Qe7 36. Qg2 Qh4 37. c3 Bxc3 38. Nf5 Qh1+ 39. Qxh1 Rxh1+ 40. Kxh1
Bxe1 41. Rg1 Bf2 42. Rg5 a6 43. Kg2 Be1 44. Ne7 Bd2 45. Nxc6 Bxf4 46. Nd4 1-0

[Event "3rd DC International 2015"]
[Site "Arlington USA"]
[Date "2015.06.27"]
[Round "5"]
[White "Onabogun, Kolade"]
[Black "Vibbert, Sean"]
[Result "0-1"]
[BlackTitle "FM"]
[WhiteElo "2142"]
[BlackElo "2360"]
[WhiteFideId "8500410"]
[BlackFideId "2030292"]
[EventDate "2015.06.25"]
[EventType "swiss"]

1. e4 c5 2. Nf3 e6 3. d4 cxd4 4. Nxd4 Nc6 5. Nc3 Qc7 6. g3 a6 7. Bg2 d6 8. O-O
Bd7 9. a4 Be7 10. Nde2 Nf6 11. h3 O-O 12. Be3 Rab8 13. g4 Rfc8 14. Nd4 Ne5 15.
g5 Ne8 16. f4 Nc4 17. Bc1 b5 18. axb5 axb5 19. Qf3 Qb6 20. Ne2 f6 21. Kh1 fxg5
22. b3 gxf4 23. bxc4 e5 24. Nxb5 Rxc4 25. Nbc3 Nf6 26. Rb1 Qc7 27. Rxb8+ Qxb8
28. Qd3 Qc8 29. Ba3 Rc6 30. Rb1 Be6 31. Rb2 Bc4 32. Qf3 g5 33. Na4 Be6 34. Rb6
Rxb6 35. Nxb6 Qxc2 36. Nd5 Bxd5 37. exd5 e4 38. Qc3 Qxe2 39. Qc8+ Kg7 40. Qc7
Qe1+ 41. Kh2 Qg3+ 42. Kh1 Nxd5 43. Bb2+ Kh6 44. Qc8 f3 45. Bf1 Qf2 46. Qe6+ 0-1

[Event "3rd DC International 2015"]
[Site "Arlington USA"]
[Date "2015.06.28"]
[Round "6"]
[White "Viswanadha, Kesav"]
[Black "Taborsky, Rostislav"]
[Result "1/2-1/2"]
[WhiteTitle "IM"]
[BlackTitle "FM"]
[WhiteElo "2358"]
[BlackElo "2216"]
[WhiteFideId "2059533"]
[BlackFideId "307491"]
[EventDate "2015.06.25"]
[EventType "swiss"]

1. e4 c5 2. c3 e6 3. d4 d5 4. exd5 exd5 5. Nf3 Nc6 6. Bb5 Bd6 7. O-O Ne7 8. dxc5
Bxc5 9. Nbd2 O-O 10. Nb3 Bd6 11. h3 Bc7 12. Be3 a6 13. Bd3 Bf5 14. Bc5 Re8 15.
Re1 Bg6 16. Qc2 b6 17. Ba3 Qd7 18. Nbd4 Nxd4 19. Nxd4 Nc6 20. Nxc6 Qxc6 21. Bxg6
hxg6 22. Qd3 Qc4 23. Qf3 Be5 24. g3 Bf6 25. Red1 Rad8 26. Rd3 d4 27. cxd4 Rxd4
28. Rc3 Qe6 29. Re3 Qc8 30. Rxe8+ Qxe8 31. Rc1 Rd2 32. Qb7 Qe2 33. Qxb6 g5 34.
Qc5 Qf3 35. Qc8+ Kh7 36. Bc5 Bxb2 37. Re1 Be5 38. Qxa6 Bxg3 39. Qf1 Rxa2 40. Be3
Bf4 41. Qd3+ g6 42. Qf1 Ra3 43. Bd4 Rd3 44. Ba1 g4 45. hxg4 Qxg4+ 46. Qg2 Qxg2+
47. Kxg2 Rd5 48. Re7 Rf5 49. Re8 f6 50. Bd4 g5 51. Re6 Kg6 52. Ra6 g4 53. Rc6
Bg5 54. Ra6 Rf3 55. Ba7 Rd3 56. Bc5 Bf4 57. Ra4 Kf5 58. Ra3 Rd2 59. Ra5 Be5 60.
Be3 Rc2 61. Bd4 Re2 62. Bxe5 Rxe5 63. Ra3 Kf4 64. Rb3 f5 65. Ra3 Re4 66. Rb3 Rc4
67. Ra3 Rc2 68. Ra4+ Kg5 69. Ra8 f4 70. Rg8+ Kf5 71. Rf8+ Ke5 72. Re8+ Kd5 73.
Rd8+ Ke6 74. Re8+ Kf5 1/2-1/2

[Event "3rd DC International 2015"]
[Site "Arlington USA"]
[Date "2015.06.28"]
[Round "7"]
[White "Zhang, Yuanchen"]
[Black "Li, Ruifeng"]
[Result "1/2-1/2"]
[WhiteTitle "FM"]
[BlackTitle "FM"]
[WhiteElo "2286"]
[BlackElo "2394"]
[WhiteFideId "2611902"]
[BlackFideId "2061074"]
[EventDate "2015.06.25"]
[EventType "swiss"]

1. d4 Nf6 2. c4 e6 3. Nc3 Bb4 4. e3 O-O 5. Ne2 Re8 6. a3 Bf8 7. d5 exd5 8. cxd5
c5 9. Ng3 d6 10. Be2 Nbd7 11. e4 g6 12. O-O a6 13. a4 b6 14. f3 Bg7 15. Be3 Bb7
16. Qd2 Rc8 17. Rad1 Qc7 18. f4 c4 1/2-1/2